Political Crimes Defined

Continental Europe is in the midst of revolutions. The immediate antecedents are such as to suggest the probable accompaniment of more widespread and perhaps even more intense passions of various sort, than have ever before been brought into being with a revolution. This in turn suggests the likelih...

Descripción completa

Guardado en:  
Detalles Bibliográficos
Autor principal: Schroeder, Theodore (Autor)
Tipo de documento: Electrónico Libro
Lenguaje:Inglés
Publicado: 1919
En:Año: 1919
Acceso en línea: Volltext (kostenfrei)
Verificar disponibilidad: HBZ Gateway

MARC

LEADER 00000cam a22000002c 4500
001 1866320262
003 DE-627
005 20250203054849.0
007 cr uuu---uuuuu
008 231019s1919 xx |||||o 00| ||eng c
035 |a (DE-627)1866320262 
035 |a (DE-599)KXP1866320262 
040 |a DE-627  |b ger  |c DE-627  |e rda 
041 |a eng 
084 |a 2,1  |2 ssgn 
100 1 |a Schroeder, Theodore  |e VerfasserIn  |4 aut 
245 1 0 |a Political Crimes Defined 
264 1 |c 1919 
336 |a Text  |b txt  |2 rdacontent 
337 |a Computermedien  |b c  |2 rdamedia 
338 |a Online-Ressource  |b cr  |2 rdacarrier 
520 |a Continental Europe is in the midst of revolutions. The immediate antecedents are such as to suggest the probable accompaniment of more widespread and perhaps even more intense passions of various sort, than have ever before been brought into being with a revolution. This in turn suggests the likelihood that there will follow more political plots and counter-revolutions than is usual in such cases. From such causes it is highly probable that the juridical meaning of the statutory words an offense of a political character will be a matter of frequent controversy, as successive crops of exiles claim the right of asylum in America. The character of the present revolutions is such that, more than usual the exiles will be from the more fortunate and educated class which has become disprivileged by the democratizing process. From such considerations and others, it now becomes unusually important for us to do a little dispassionate thinking upon this subject before our own passions become still more involved. If we fail to secure a definition that really defines political offenses, then our own judiciary may b6 compelled to flounder in the meshes of its own lawless passions, and make the judicial action dependent upon each judge's whim, caprice, or partisan passions 
856 4 0 |u https://core.ac.uk/download/289230842.pdf  |x Verlag  |z kostenfrei  |3 Volltext  |7 0 
935 |a mkri 
951 |a BO 
ELC |a 1 
LOK |0 000 xxxxxcx a22 zn 4500 
LOK |0 001 4392965597 
LOK |0 003 DE-627 
LOK |0 004 1866320262 
LOK |0 005 20231019043650 
LOK |0 008 231019||||||||||||||||ger||||||| 
LOK |0 035   |a (DE-2619)CORE78800025 
LOK |0 040   |a DE-2619  |c DE-627  |d DE-2619 
LOK |0 092   |o n 
LOK |0 852   |a DE-2619 
LOK |0 852 1  |9 00 
LOK |0 935   |a core 
LOK |0 939   |a 19-10-23  |b l01 
OAS |a 1 
ORI |a SA-MARC-krimdoka001.raw